United nations international civil service: (Record no. 35838)

MARC details
000 -LEADER
fixed length control field 00918nam a22002295a 4500
005 - DATE AND TIME OF LATEST TRANSACTION
control field 20100508135453.0
008 - FIXED-LENGTH DATA ELEMENTS--GENERAL INFORMATION
fixed length control field 080520s2008 nyu 000 0 eng
020 ## - INTERNATIONAL STANDARD BOOK NUMBER
International Standard Book Number 9788171887729
Terms of availability 995.00
037 ## - SOURCE OF ACQUISITION
Source of stock number/acquisition IBD
040 ## - CATALOGING SOURCE
Original cataloging agency DPL
Language of cataloging English
100 ## - MAIN ENTRY--PERSONAL NAME
Personal name Sharma, Murari R.
245 ## - TITLE STATEMENT
Title United nations international civil service:
Statement of responsibility, etc by Murari R. Sharma [and] Ajit M. Banerjee
Remainder of title perceptions, realities and career guidance /
260 ## - PUBLICATION, DISTRIBUTION, ETC. (IMPRINT)
Place of publication, distribution, etc New Delhi
Name of publisher, distributor, etc Academic Foundations
Date of publication, distribution, etc 2009
270 ## - ADDRESS
Address 4772-73/23 Bharat Ram Road, 23, Ansari Raod, Daryaganj
City New Delhi
Postal code 110002
300 ## - PHYSICAL DESCRIPTION
Extent 434p.
Other physical details 26cm(Hb)
500 ## - GENERAL NOTE
General note Includes bibliographical references, glossary and index
700 ## - ADDED ENTRY--PERSONAL NAME
Personal name Banerjee, Ajit M.
942 ## - ADDED ENTRY ELEMENTS (KOHA)
Source of classification or shelving scheme Dewey Decimal Classification
Item type English Books
Call number suffix SHA
Holdings
Withdrawn status Lost status Source of classification or shelving scheme Damaged status Not for loan Home library Current library Date acquired Cost, normal purchase price Total Checkouts Full call number Date last seen Cost, replacement price Koha item type
    Dewey Decimal Classification   Ordered Andrews Gunj Andrews Gunj 08/05/2010 995.00   SHA 08/05/2010 995.00 English Books
    Dewey Decimal Classification     Andrews Gunj Andrews Gunj 12/05/2010     SHA 12/05/2010    

© Delhi Public Library
Hit Counter
free hit counter